Structural evolution of southern California /

Bibliographic Details
Main Author: Reed, Ralph Daniel
Corporate Author: American Association of Petroleum Geologists
Other Authors: Hollister, Joseph Steffens, 1903-
Format: Book
Language:English
Published: Tulsa, Okl : London : American association of petroleum geologists; Thomas Murby & co., 1936.
Subjects:

MARC

Tag First Indicator Second Indicator Subfields
LEADER 00000cam a2200000 4500
001 in00000453091
005 20151012085632.0
008 771108s1936 okua b 00010 eng
010 |a gs 37000218  
035 |a (OCoLC)03402358 
035 |9 ABY3276AM 
040 |a DLC  |c EZT  |d TXA  |d UtOrBLW 
049 |a TXAM  |c [72256] 
090 |a QE627.5.C2  |b R44 1939 
092 |a 557  |b C155r/2 
100 1 |a Reed, Ralph Daniel. 
245 1 0 |a Structural evolution of southern California /  |c by R. D. Reed ... and J. S. Hollister ... 
264 1 |a Tulsa, Okl :  |b American association of petroleum geologists;  |a London :  |b Thomas Murby & co.,  |c 1936. 
300 |a xix, 157 pages :  |b including illustrations, tables, diagrams frontispiece, IX plate, folded map (in pocket) ;  |c 23 cm. 
336 |a text  |b txt  |2 rdacontent 
337 |a unmediated  |b n  |2 rdamedia 
338 |a volume  |b nc  |2 rdacarrier 
500 |a Also issued as Bulletin of the American association of petroleum geologists, volume 20, number 12, December 1936. 
504 |a Bibliographical foot-notes. 
650 0 |a Geology  |z California, Southern. 
700 1 |a Hollister, Joseph Steffens,  |d 1903- 
710 2 |a American Association of Petroleum Geologists. 
999 |a MARS 
999 f f |s 4bfbaf33-aa35-3f50-a54c-501c00a26ed1  |i b42f6e1b-f2f7-3c6c-8c97-ac6428a65ea5  |t 0 
952 f f |p ric  |a Texas A&M University  |b Rellis Campus  |c Joint Library Facility  |s JLF  |d Remote Storage  |t 0  |e QE627.5.C2 R44 1939  |h Library of Congress classification  |i unmediated -- volume  |m A14800961114 
998 f f |a QE627.5.C2 R44 1939  |t 0  |l Remote Storage